Sports Quiz

Random Sports or Auto Racing Quiz

1997 Czech FIM Speedway Grand Prix line-up Quiz Stats

 Plays Quiz not verified by Sporcle

Support Sporcle.
Go Orange.
Score 0/16 Timer 05:00
0 Plays Today
% Correct
???
59%
???
57.4%
???
55.4%
???
54.7%
???
52%
???
45.4%
???
43%
???
39.5%
% Correct
???
39.3%
???
37.4%
???
33.2%
???
30%
???
27.8%
???
27.3%
???
25.7%
???
23.3%

You're not logged in!

Compare scores with friends on all Sporcle quizzes.
OR
Log In

From the Vault

20 Least Densely Populated Countries

by viator_mundi

These countries have all the density of a jelly fish in space. Mmmmm, space jellyfish...
Remove Ads.
Support Sporcle.
Get the best of Sporcle when you Go Orange. This ad-free experience offers more features, more stats, and more fun while also helping to support Sporcle. Thank you for becoming a member.

Show Comments

Extras

Top Quizzes Today


Score Distribution

Your Account Isn't Verified!

In order to create a playlist on Sporcle, you need to verify the email address you used during registration. Go to your Sporcle Settings to finish the process.

Report this User

Report this user for behavior that violates our Community Guidelines.

Details: